Introduction to Accounting for Business Studies / Sixth Edition (Record no. 643)
[ view plain ]
| 000 -LEADER | |
|---|---|
| fixed length control field | 01398cam a22002174a 4500 |
| 005 - ΗΜΕΡΟΜΗΝΙΑ ΚΑΙ ΩΡΑ ΤΕΛΕΥΤΑΙΑΣ ΕΝΗΜΕΡΩΣΗΣ | |
| Πεδίο ελέγχου | 20250605163941.0 |
| 008 - FIXED-LENGTH DATA ELEMENTS--GENERAL INFORMATION | |
| Πεδίο ελέγχου σταθερού μήκους | 250528s ||||||||||||||||||||||||d |
| 035 ## - SYSTEM CONTROL NUMBER | |
| System control number | 15040 |
| 020 ## - ISBN | |
| ISBN | 406032521 |
| 040 ## - ΠΗΓΗ ΚΑΤΑΛΟΓΟΓΡΑΦΗΣΗΣ | |
| Φορέας πρωτότυπης καταλογογράφησης | MC Athens Campus Library |
| Γλώσσα καταλογογράφησης | Ελληνικά, Μοντέρνα (1453-) |
| Modifying agency | MC Athens Campus Library |
| Κανόνες περιγραφικής καταλογογράφησης | AACR2 |
| 245 1# - ΤΙΤΛΟΣ ΚΑΙ ΔΗΛΩΣΗ ΥΠΕΥΘΥΝΟΤΗΤΑΣ | |
| Τίτλος | Introduction to Accounting for Business Studies / Sixth Edition |
| 250 ## - EDITION STATEMENT | |
| Edition statement | 6th |
| 260 ## - PUBLICATION, DISTRIBUTION, ETC. | |
| Name of publisher, distributor, etc. | Butterworths, |
| Date of publication, distribution, etc. | 1994 |
| 300 ## - PHYSICAL DESCRIPTION | |
| Extent | 426 |
| 520 ## - SUMMARY, ETC. | |
| Summary, etc. | This well-established book provides an introductory study of financial and management accounting. Preface, The Scope of Accounting Work, Balance Sheets, Measurement of Profit, Ledger Records, Accounting for Assets, Review of Concepts and Conventions and an Introduction to Interpretation, Value Added Tax, Maintaining the Ledger Records, Payroll, Accounting and Computers, Incomplete Records and Accounts of Non-Profit Making, Partnership and Limited Companies, Illustrating a Set of Accounts, Accounting in Manufacturing Businesses, Cost Finding, Planning and Control: Standard Costing, Planning and Control: Budgetary Control, Accounting Information and Decision Taking, Limited Companies - Further Aspects, Evaluation of Accounting Reports, Accounting for Different Types of Organization, The Way Forward, Appendix: Answers to Questions within the Text, Index. |
| 700 1# - ΠΡΟΣΘΕΤΗ ΑΝΑΓΡΑΦΗ--ΦΥΣΙΚΟ ΠΡΟΣΩΠΟ | |
| Personal name | Hardern G.S |
| 9 (RLIN) | 874 |
| 700 1# - ΠΡΟΣΘΕΤΗ ΑΝΑΓΡΑΦΗ--ΦΥΣΙΚΟ ΠΡΟΣΩΠΟ | |
| Personal name | Langley F.P |
| 9 (RLIN) | 875 |
| 942 ## - ADDED ENTRY ELEMENTS (KOHA) | |
| Koha item type | Books |
| Τύπος τεκμηρίου | Βιβλιοθήκη | Τρέχουσα τοποθεσία | Barcode | Αριθμός εισαγωγής | Ημερομηνία απόκτησης | Ταξιθετικό σύμβολο | Αριθμός αντιτύπου | Κατάσταση απόσυρσης | Κατάσταση χαμένου | Κατάσταση κατεστραμμένου | Μη δανεισμός | Σύνολο δανεισμών | Ημερομηνία τελευταίας εμφάνισης | Η τιμή ισχύει από |
|---|---|---|---|---|---|---|---|---|---|---|---|---|---|---|
| Books | MC Athens Campus Library | MC Athens Campus Library | 9780000006424 | 1267 | 05/06/2025 | 657.044 LAN | 1 | 05/06/2025 | 05/06/2025 |